| 000 | 00730nam a2200229Ii 4500 | ||
|---|---|---|---|
| 003 | JO-AjNU | ||
| 008 | 230605s9999||||xx |||||||||||||| ||und|| | ||
| 017 | _a2011/9751 | ||
| 020 | _a978-99901-06-99-2 | ||
| 040 |
_aJO-AjNU _bara _erda _cJO-AjNU |
||
| 041 | _aara | ||
| 050 | 1 | 4 | _aK3224.2012 |
| 100 | 3 |
_aالمصري، محمد وليد هاشم , _eauthor _952992 |
|
| 245 | 0 | 0 | _a تطبيقات عملية في القانون الخاص |
| 250 | _aط2 | ||
| 264 | 3 | 1 | _aالبحرين : جامعة البحرين ، 2012 |
| 300 | _a574ص | ||
| 336 |
_atext _btxt _2rdacontent |
||
| 337 |
_aunmediated _bn _2rdamedia |
||
| 338 |
_avolume _bnc _2rdacarrier |
||
| 650 | 4 |
_aالقانون الخاص -- البحرين _952993 |
|
| 999 |
_aA23507 _c27075 _d27075 |
||